| 000 | 00376nam a2200145Ia 4500 | ||
|---|---|---|---|
| 008 | 150201s2007 xx 000 0 und d | ||
| 082 |
_a617.6 _bF2009A |
||
| 100 | _aASKKARY,ABD | ||
| 245 | _aFUNDAMENTALS IF ESTHETIC IMPLANT DENTISTRY | ||
| 250 | _a1ST | ||
| 260 |
_bBLACKWELL SCIENCE PUB. _aEDINBURGH _c2007 |
||
| 300 | _a1-338 | ||
| 650 | _aPROSTHODONTICS | ||
| 942 |
_2ddc _cBK |
||
| 999 |
_c4574 _d4574 |
||